لمع الأدلة : (Record no. 7156)
[ view plain ]
| 000 -الفاتح | |
|---|---|
| حقل البيانات ثابتة الطول | 00802nac a22001451u 4500 |
| 008 - عناصر البيانات ثابتة الطول - معلومات عامة | |
| حقل البيانات ثابتة الطول | 080930s1965 xxu||||| |||| 00| 0 ara d |
| 082 ## - رقم تصنيف ديوى العشرى | |
| رقم التصنيف | 240 |
| رقم المادة | ج و ي |
| 110 ## - المدخل الرئيسى - إسم هيئة | |
| اسم الهيئة أو اسم السلطة كمدخل | Al Dar al masreya Lel Taelef Wa AL Targama |
| 9 (RLIN) | 20518 |
| 245 ## - بيان العنوان | |
| العنوان | لمع الأدلة : |
| بقية العنوان | في قواعد عقائد أهل السنة والجماعة / |
| بيان المسئوليه,etc | عبد الملك الجويني ؛ تقديم وتحقيق فوقية حسين محمود ؛ راجع التحقيق محمود الخضيري |
| 260 ## - PUBLICATION, DISTRIBUTION, ETC. (IMPRINT) | |
| مكان الناشر او الموزع | القاهرة : |
| اسم الناشر او الموزع | المؤسسة المصرية العامة للتأليف والترجمة والنشر ،1965 |
| تاريخ النشر أو التوزيع | 1965. |
| 300 ## - الوصف المادى | |
| التعداد | 160 ص ؛ |
| أبعاد الوعاء | 24 سم. |
| 504 ## - تبصرة ببليوجرافية | |
| تبصرة ببليوجرافية,الخ | يحتوي علي علي إرجاعات ببليوجرافية ص 123-134 وكشافات |
| 511 ## - | |
| -- | Catalogued by: Sara |
| 942 ## - عناصر المدخل الإضافي( كوها) | |
| Koha [default] item type | Book - Borrowing |
| سابقة رقم الطلب | 240 ج و ي |
| مصدر التصنيف او مخطط الترفيف | Dewey Decimal Classification |
| حالة التراجع | حالة الفقد | مصدر التصنيف او خطة الترفيف | حالة تلف | ليس للاعارة | مجموعات كوها | المكان الدائم | المكان الحالي | موقع الترفيف | تاريخ الاكتساب | Source of acquisition | رقم الاستدعاء | الباركود | Date last seen | نوع الوعاء |
|---|---|---|---|---|---|---|---|---|---|---|---|---|---|---|
| Dewey Decimal Classification | Alef-Baa | Central Library | Central Library | Lower Floor | 08/01/2014 | 240 ج و ي | 000008647 | 15/07/2025 | Book - Borrowing |